000 00833nam a2200241Ia 4500
003 OSt
005 20220923221846.0
006 a|||||r|||| 00| 0
007 ta
008 220922b |||||||| |||| 00| 0 hin d
024 _a200,546
037 _cTextual
040 _aARTS
_cARTS
_bhin
041 _2hin
_ahin
082 _aV2:25xM69w, 152K2.11-1
100 _aत्रिपाठी, कमलापति
245 0 _aसाम्प्रदायिक समस्या
246 _aSāmpradāyik samasyā
260 _aवाराणसी
_b काशी विद्यापीठ प्रकाशन
_c1962
650 _aविश्व-इतिहास
942 _hV2:25xM69w, 152K2.11-1
_cTEXL
_2CC
999 _c352218
_d352218